| 000 | 00411nam a22001697a 4500 | ||
|---|---|---|---|
| 003 | MPLRDC | ||
| 005 | 20220104180256.0 | ||
| 008 | 210129b ||||| |||| 00| 0 eng d | ||
| 082 | _a524.9691 ABD | ||
| 100 | _aWAN MUKHTAR WAN ABDUL KADIR | ||
| 245 |
_aSTRATEGI MENJAWAB EKONOMI 3 _c |
||
| 250 | _a再版 | ||
| 260 |
_a _bNURIN ENTERPRISE _c1989 |
||
| 300 | _b平 | ||
| 650 | _a | ||
| 942 |
_cBK _o524.9691 ABD |
||
| 999 |
_c60836 _d60826 |
||